000 00843cam a22002531 4500
001 BD-DhSAU 6538
003 BD-DhSAU
005 20150509173203.0
008 770824s1932 enkabf b 000 0 eng
040 _aBD-DhSAU
082 _a631
_222
_bDAP
100 1 _aDarling, Malcolm,
245 1 4 _aThe Punjab peasant in prosperity and debt /
_cby Malcolm Lyall Darling ... with a foreword by Sir Edward Maclagan.
250 _a3d ed.
260 _aNew York :
_bH. Milford, Oxford university press ,
_c1932.
300 _axvii, 291 p.:
_bfront., plates, maps. ;
_c22 cm.
504 _aIncludes index
590 _aIMRAN
650 0 _aLand tenure
_zIndia
_zPunjab.
650 0 _aPeasants
_zIndia
_zPunjab.
650 0 _aInterest
_zIndia
_zPunjab.
650 0 _aAgricultural credit
_zIndia
_zPunjab.
651 0 _aPunjab (India)
_xEconomic conditions.
942 _2ddc
_cBOOK
999 _c6538
_d6538